| 000 | 01151nam a2200313Ia 4500 | ||
|---|---|---|---|
| 003 | OSt | ||
| 005 | 20221007123309.0 | ||
| 006 | a|||||r|||| 00| 0 | ||
| 007 | ta | ||
| 008 | 221006b |||||||| |||| 00| 0 eng d | ||
| 020 | _a 8185324069(V 6) (hbd) | ||
| 020 |
_a81-85324-05-0(V 5) _cRs.2,500.00 (set) |
||
| 024 | _a5310 | ||
| 037 |
_bI A S, _cTextual |
||
| 040 |
_aPAPL _cPAPL _beng |
||
| 041 |
_2eng _aeng |
||
| 082 | _aCxM88, N8.5 | ||
| 100 |
_aRaman C V _9215422 |
||
| 245 | 0 |
_aScientific papers C V Raman. Ed by S Ramaseshan _b Ramaseshan S Ed |
|
| 260 |
_aBangalore _bIndian Academy of Sciences _c1988 |
||
| 490 | _vV 5.Physics of crystals (xxi,849p+Indexes 813-818p) | ||
| 500 | _aIncludes bibligraphical references; ^n23/CSL/Carpa/98-99/6355^d1998-05-26^mPurchase; ; 98-99/146^b1998-08-28^c803/SP-591^d1998-07-09^eIndian Academy of Sciences; ; 1998-08-31^c1998-08-31^r1998-11-27 | ||
| 650 | _a Collected works | ||
| 650 |
_a Raman (C V) _9589808 |
||
| 650 | _aPhysics | ||
| 700 | _a Ramaseshan S Ed | ||
| 942 |
_hCxM88, N8.5 _cTEXL _2CC |
||
| 999 |
_c1211660 _d1211660 |
||